00689nam a2200229Ia 4500003000900000005001700009008004100026040001300067040001300080041000800093100002500101245004200126250000900168260002100177260000900198300000800207490001200215490000600227942001200233999001700245952019700262IT-RoPAU20220918175456.0120407s9999 xx 000 0 und d aIT-RoPAU cIT-RoPAU aita aGustave Thils934600 aTeologia e realtà sociale. Teologia aAlba aEdizioni Paoline c1957 c cm aCat. II v1 cBK2ddc c13964d13964 00102ddc406208_30800000000000071aPAULUSbPAULUSd2012-04-11l0o208.308r2012-04-11 00:00:00w2012-04-11yBKzInserito da: Anna In data: 05 ottobre 2011 fondo: Via A.Severo 56 Progr:34782